书目信息 |
| 书名: | Applications in basic marketing | |
| 作者: | William D Perreault; E Jerome McCarthy | |
| 分册号: | ||
| 分册名: | 出版地: | Boston |
|
| 出版社: | Irwin McGraw-Hill | |
| 出版时间: | 2001. | |
| 页数: | 246P | |
| 开本: | 23CM | |
| 丛书名: | ||
| 中图分类号: | ||
| 科图分类号: | ||
| 其他分类号: | F713.50 | |
| 主题词: | ||
| 电子资源: | ||
| 000 | 00455nam0 2200133 450 | |
| 001 | 202012002388 | |
| 005 | 20121127112937.0 | |
| 008 | 12112701s | |
| 020 | @a9780075610311@c$20.00 | |
| 099 | @dF713.50@eW716 | |
| 245 | @aApplications in basic marketing@bclippings from the popular business press @c William D Perreault; E Jerome McCarthy | |
| 260 | 0 | @a Boston@bIrwin McGraw-Hill@c2001. |
| 300 | @a246P@c23CM | |
| 905 | @aTSG@b12834@dF713.50@eW716 | |
| Applications in basic marketing : clippings from the popular business press / William D Perreault; E Jerome McCarthy.- Boston : Irwin McGraw-Hill , 2001. |
| 246P ; 23CM |
| ISBN 9780075610311$20.00 |
| ● |
| 相关链接 |
|
|
|
正题名:Applications in basic marketing
索取号:F713.50/W716
 
预约/预借
| 序号 | 登录号 | 条形码 | 馆藏地/架位号 | 状态 | 备注 |
| 1 | 12834 | 300128341 | 社科库409/409社科库 118排2列2层/ [索取号:F713.50/W716] | 在馆 |